Online
Catalog

La República Dominicana : (Record no. 26968)

MARC details
000 -CABECERA
campo de control de longitud fija 01362nam a2200325 i 4500
001 - NÚMERO DE CONTROL
campo de control 000027476
003 - IDENTIFICADOR DEL NÚMERO DE CONTROL
campo de control DO-SdBNP
005 - FECHA Y HORA DE LA ÚLTIMA TRANSACCIÓN
campo de control 20260415090434.0
007 - CAMPO FIJO DE DESCRIPCIÓN FÍSICA--INFORMACIÓN GENERAL
campo de control de longitud fija ta
008 - DATOS DE LONGITUD FIJA--INFORMACIÓN GENERAL
campo de control de longitud fija 110329s1973 dr r 000 0 spa d
040 ## - FUENTE DE LA CATALOGACIÓN
Centro catalogador/agencia de origen DO-SdBNP
Lengua de catalogación spa
Centro/agencia transcriptor BNPHU
Normas de descripción rda
041 ## - CÓDIGO DE LENGUA
Código de lengua del texto/banda sonora o título independiente spa
082 #4 - NÚMERO DE LA CLASIFICACIÓN DECIMAL DEWEY
Número de clasificación 917.293
Número de documento/Ítem A116r
Número de edición 22
100 ## - ENTRADA PRINCIPAL--NOMBRE DE PERSONA
Nombre de persona Abad, José Ramón
Fechas asociadas al nombre 1845-1915
Término indicativo de función/relación autor
Código de función/relación aut.
9 (RLIN) 64428
245 13 - MENCIÓN DE TÍTULO
Título La República Dominicana :
Resto del título reseña general geográfico-estadística /
Mención de responsabilidad, etc. José Ramón Abad.
264 #1 - PRODUCCIÓN, PUBLICACIÓN, DISTRIBUCIÓN, FABRICACIÓN Y COPYRIGHT
Producción, publicación, distribución, fabricación y copyright Santo Domingo :
Nombre del de productor, editor, distribuidor, fabricante Impresora Arte y Cine,
Fecha de producción, publicación, distribución, fabricación o copyright 1973.
300 ## - DESCRIPCIÓN FÍSICA
Extensión 397, [xxviii] páginas :
Otras características físicas ilustraciones ;
Dimensiones 22 cm.
Tamaño de la unidad
336 ## - TIPO DE CONTENIDO
Término de tipo de contenido texto
Código de tipo de contenido txt
Fuente rdacontent
337 ## - TIPO DE MEDIO
Nombre/término del tipo de medio sin mediación
Código del tipo de medio n
Fuente rdamedia
338 ## - TIPO DE SOPORTE
Nombre/término del tipo de soporte volumen
Código del tipo de soporte nc
Fuente rdacarrier
500 ## - NOTA GENERAL
Nota general Incluye referencias bibliográficas y notas al pie de las páginas
500 ## - NOTA GENERAL
Nota general Redactada por José Ramón Abad, de orden del señor ministro de fomento y obras publicas ciudadano Pedro T. Garrido.
500 ## - NOTA GENERAL
Nota general Incluye apéndice : páginas [i]-xxii.
534 ## - NOTA SOBRE LA VERSIÓN ORIGINAL
Publicación, distribución, etc. del original Santo Domingo: Imprenta Carcía Hermanos, 1988
Frase introductoria Reproducción fascimil de la edición de
590 ## - NOTA LOCAL (RLIN)
Nota local Inventariado, 2019/BT
651 #4 - PUNTO DE ACCESO ADICIONAL DE MATERIA--NOMBRE GEOGRÁFICO
Nombre geográfico República Dominicana
Subdivisión general Geografía política
9 (RLIN) 54551
651 #4 - PUNTO DE ACCESO ADICIONAL DE MATERIA--NOMBRE GEOGRÁFICO
Nombre geográfico República Dominicana
Subdivisión general Descripción
-- Historia
9 (RLIN) 77234
910 ## - DATOS DE OPCIÓN DEL USUARIO (OCLC)
Datos de opción del usuario VMateo / Validado. Control de calidad. MFF
942 ## - ELEMENTOS DE PUNTO DE ACCESO ADICIONAL (KOHA)
Fuente del sistema de clasificación o colocación Dewey Decimal Classification
Tipo de ítem Koha Libro
Holdings
Estado de retiro Estado de pérdida Fuente del sistema de clasificación o colocación Restricciones de uso No para préstamo Código de colección Localización permanente Ubicación/localización actual Ubicación en estantería Fecha de adquisición Fuente de adquisición Número de inventario Total de préstamos Signatura topográfica completa Código de barras Fecha visto por última vez Precio válido a partir de Tipo de ítem Koha Número de copia Nota pública
    Dewey Decimal Classification Excluido de préstamo   Patrimonio Dominicano Biblioteca Nacional Pedro Henríquez Ureña Biblioteca Nacional Pedro Henríquez Ureña Depósito 01.04.2011 Depósito Legal   BNPHU PD 917.293 A116r 27476-10 25.06.2020 25.06.2020 Libro    
    Dewey Decimal Classification Excluido de préstamo   Patrimonio Dominicano Biblioteca Nacional Pedro Henríquez Ureña Biblioteca Nacional Pedro Henríquez Ureña Depósito 19.04.2011 Depósito Legal   BNPHU PD 917.293 A116r 27476-20 25.06.2020 25.06.2020 Libro e. 2  
    Dewey Decimal Classification Préstamo en sala   Dominicana de Servicio Biblioteca Nacional Pedro Henríquez Ureña Biblioteca Nacional Pedro Henríquez Ureña Depósito 28.04.2011 Donación   BNPHU DS 917.293 A116r 27476-30 25.06.2020 25.06.2020 Libro e. 3 Perteneció a la biblioteca personal de Aída Cartagena Portalatín.
    Dewey Decimal Classification Préstamo en sala   Dominicana de Servicio Biblioteca Nacional Pedro Henríquez Ureña Biblioteca Nacional Pedro Henríquez Ureña Depósito 28.04.2011 Donación   BNPHU DS 917.293 A116r 27476-40 25.06.2020 25.06.2020 Libro e. 4 Perteneció a la biblioteca personal de Juan Isidro Jimenes Grullón.
    Dewey Decimal Classification Préstamo en sala   Dominicana de Servicio Biblioteca Nacional Pedro Henríquez Ureña Biblioteca Nacional Pedro Henríquez Ureña Depósito 28.04.2011 Donación     BNPHU DS 917.293 A116r 27476-50 25.06.2020 25.06.2020 Libro e. 5 Perteneció a la biblioteca personal de Bárbara Suncar.

Powered by Koha